|
|
|
|
| LEADER |
00000cam a2200000 7i4500 |
| 001 |
0000004413 |
| 005 |
20040612093000.0 |
| 008 |
021118n |
| 090 |
0 |
0 |
|a BP135.A3
|b H379
|
| 100 |
0 |
|
|a هاشمي, علوي ,
|e author
|
| 245 |
1 |
0 |
|a 2000 pilihan hadits Rasulullah Muhammad s.a.w.
|c oleh As-Sayyid Ahmad al-Hasyimi
|f terjemahan oleh Moh.Abdai Rathomy
|
| 260 |
2 |
|
|a Surabaya :
|b Balai Buku ,
|c [n.d.]
|
| 300 |
|
|
|a v. ;
|c 21 cm.
|
| 650 |
|
0 |
|a Hadith
|x Collections
|
| 999 |
|
|
|a 1000002788
|b Book
|c OPEN SHELF (30 DAYS)
|e Gong Badak Campus
|
| 999 |
|
|
|a 1000002789
|b Book
|c OPEN SHELF (30 DAYS)
|e Gong Badak Campus
|